| 000 | 00493cam a2200181 a 4500 | ||
|---|---|---|---|
| 001 | 3787234 | ||
| 005 | 20250317164927.0 | ||
| 008 | 840807s1985 nju b 000 0 eng | ||
| 020 | _a0800712285 | ||
| 050 | 0 | 0 |
_aBV4501.2 _b.W73 1985 |
| 082 | 0 | 0 |
_a248.4 _219 |
| 100 | 1 | _aWright, H. Norman. | |
| 245 | 1 | 0 |
_aMaking peace with your past / _cH. Norman Wright. |
| 260 |
_aOld Tappan, N.J. : _bF.H. Revell, _cc1985. |
||
| 300 |
_a190 p. ; _c22 cm. |
||
| 650 | 0 | _aChristian life. | |
| 942 |
_2lcc _cBK _n0 |
||
| 999 |
_c4895 _d4895 |
||